5 Seconds of Summer - HAZE (Lyrics) - Statistics

General Stats
  • This quiz has been taken 52 times
  • The average score is 277 of 338
Answer Stats
Answer % Correct
I
100%
a
97%
on
97%
when
97%
When
97%
you,
97%
you
97%
And
94%
and
94%
feeling
94%
gone
94%
Got
94%
I'm
94%
me
94%
your
94%
alright
91%
feeling's
91%
the
91%
to
91%
up
91%
up,
91%
you're
91%
It's
88%
moment
88%
I'll
84%
my
84%
no,
84%
of
84%
put
84%
see
84%
hell
81%
hold
81%
mind
81%
piece
81%
ride
81%
suit,
81%
tie
81%
eyes
78%
face
78%
in
78%
with
78%
if
75%
never
75%
open
75%
away
72%
die
72%
every
72%
was
72%
Beautiful
69%
California,
69%
hope
69%
time
69%
moved
66%
not
66%
gonna
63%
heart,
63%
heart
63%
That
63%
know
59%
there
59%
broke
56%
didn't
56%
uptight
56%
between
53%
by,
53%
city
53%
even
53%
have
53%
long
53%
long,
53%
bars
47%
lived
47%
care
44%
still
44%
am
41%
myself
41%
comes
38%
Don't
38%
don't
38%
pretend
38%
ghost
34%
giving
34%
how
34%
once
34%
again
31%
floats
31%
fly
31%
human
31%
matter
31%
play
31%
town,
31%
watched
28%
weeks
28%
pick
25%
Ventura
25%
No matching quizzes found
Score Distribution
Percent of People with Each Score
Percentile by Number Answered
Your Score History
You have not taken this quiz